20 największych miast Arizony (z mapą) - Statystyki

Ogólne statystyki
  • Ten quiz został rozwiązany 28 razy
  • Średni wynik to 5 z 20
Odpowiedzi na mapie
Odpowiedzi zakodowano w zielono-czerwonej skali na mapie do tego quizu, zgodnie z poniższymi procentami.
 
Statystyki odpowiedzi
Populacja Miasto % Poprawnych
1 660 272 Phoenix
100%
545 975 Tucson
59%
508 958 Mesa
36%
73 964 Flagstaff
32%
97 908 Yuma
27%
257 165 Chandler
23%
250 702 Glendale
23%
192 364 Tempe
23%
74 370 Buckeye
18%
57 232 Casa Grande
18%
248 279 Gilbert
18%
82 835 Goodyear
18%
55 090 Lake Havasu City
18%
172 259 Peoria
18%
45 751 Prescott Valley
18%
255 310 Scottsdale
18%
50 024 Maricopa
14%
138 161 Surprise
14%
85 835 Avondale
9%
47 007 Marana
9%
Nie znaleziono quizów pasujących do podanych kryteriów
Rozkład punktacji
Procent ludzi z każdym wynikiem
Percentyl według liczby udzielonych odpowiedzi
Twoja historia wyników
Nie rozwiązałeś tego quizu